Standards in fluorescence spectrometry /

Bibliographic Details
Corporate Author: U.V. Spectrometry Group
Other Authors: Miller, J. N.
Format: Book
Language:English
Published: London ; New York : Chapman and Hall, 1981.
Series:Techniques in visible and ultraviolet spectrometry ; v. 2.
Subjects:

MARC

Tag First Indicator Second Indicator Subfields
LEADER 00000cam a2200000 a 4500
001 in00000090562
005 20151008065704.0
008 820217s1981 enka b 00100 eng d
020 |a 041222500X 
035 |a (OCoLC)08161243 
035 |9 AAK6395AM 
040 |a CHE  |c CHE  |d TXA  |d UtOrBLW 
049 |a TXAM  |c 1 [802522], 2 [273560] 
090 |a QD96 F56  |b  S7 
245 0 0 |a Standards in fluorescence spectrometry /  |c Ultraviolet Spectrometry Group ; edited by J.N. Miller. 
264 1 |a London ;  |a New York :  |b Chapman and Hall,  |c 1981. 
300 |a viii, 115 pages :  |b illustrations ;  |c 24 cm. 
336 |a text  |b txt  |2 rdacontent 
337 |a unmediated  |b n  |2 rdamedia 
338 |a volume  |b nc  |2 rdacarrier 
490 1 |a Techniques in visible and ultraviolet spectrometry ;  |v v. 2 
504 |a Includes bibliographies and index. 
650 0 |a Fluorescence spectroscopy. 
700 1 |a Miller, J. N. 
710 2 |a U.V. Spectrometry Group. 
830 0 |a Techniques in visible and ultraviolet spectrometry ;  |v v. 2. 
999 |a MARS 
999 f f |s 55e126ac-9e6d-3489-94c2-373dd9f5bdba  |i 3e0b06b7-8edd-34c6-8a7d-7febf5dedd8e  |t 0 
952 f f |p normal  |a Texas A&M University  |b Galveston Campus  |c Jack K. Williams Library  |d Galveston Stacks  |t 0  |e QC454.F6 S73  |h Library of Congress classification  |i unmediated -- volume  |m 33620000428322 
952 f f |p normal  |a Texas A&M University  |b College Station  |c Sterling C. Evans Library  |d Evans: Library Stacks  |t 0  |e QD96 F56 S7  |h Library of Congress classification  |i unmediated -- volume  |m A14805966177 
998 f f |a QD96 F56 S7  |t 0  |l Evans: Library Stacks 
998 f f |a QC454.F6 S73  |t 0  |l Galveston Stacks